|
|
|
|
| LEADER |
01897nam a2200433 i 4500 |
| 001 |
EBC4709282 |
| 003 |
MiAaPQ |
| 005 |
20200917021826.0 |
| 006 |
m o d | |
| 007 |
cr cnu|||||||| |
| 008 |
161021t20172017sz ad ob 000 0 eng d |
| 020 |
|
|
|z 9783319324395
|
| 020 |
|
|
|a 9783319324418 (e-book)
|
| 035 |
|
|
|a (MiAaPQ)EBC4709282
|
| 035 |
|
|
|a (Au-PeEL)EBL4709282
|
| 035 |
|
|
|a (CaPaEBR)ebr11275906
|
| 035 |
|
|
|a (CaONFJC)MIL961724
|
| 035 |
|
|
|a (OCoLC)961443204
|
| 040 |
|
|
|a MiAaPQ
|b eng
|e rda
|e pn
|c MiAaPQ
|d MiAaPQ
|
| 050 |
|
4 |
|a HD38.5
|b .H363 2017
|
| 082 |
0 |
|
|a 658.40028553
|2 23
|
| 245 |
0 |
0 |
|a Handbook of information exchange in supply chain management /
|c Albert Y. Ha, Christopher S. Tang, editors.
|
| 264 |
|
1 |
|a Cham, Switzerland :
|b Springer,
|c 2017.
|
| 264 |
|
4 |
|c 2017
|
| 300 |
|
|
|a 1 online resource (398 pages) :
|b illustrations (some color), charts, tables.
|
| 336 |
|
|
|a text
|2 rdacontent
|
| 337 |
|
|
|a computer
|2 rdamedia
|
| 338 |
|
|
|a online resource
|2 rdacarrier
|
| 490 |
0 |
|
|a Springer Series in Supply Chain Management,
|x 2365-6409 ;
|v Volume 5
|
| 504 |
|
|
|a Includes bibliographical references at the end of each chapters.
|
| 588 |
|
|
|a Description based on print version record.
|
| 590 |
|
|
|a Electronic reproduction. Ann Arbor, MI : ProQuest, 2016. Available via World Wide Web. Access may be limited to ProQuest affiliated libraries.
|
| 650 |
|
0 |
|a Business logistics
|x Mathematical models.
|
| 655 |
|
4 |
|a Electronic books.
|
| 700 |
1 |
|
|a Ha, Albert Y.,
|e editor.
|
| 700 |
1 |
|
|a Tang, Christopher S.,
|e editor.
|
| 776 |
0 |
8 |
|i Print version:
|t Handbook of information exchange in supply chain management.
|d Cham, Switzerland : Springer, c2017
|h xxi, 390 pages
|k Springer Series in Supply Chain Management
|z 9783319324395
|w 2016943081
|
| 797 |
2 |
|
|a ProQuest (Firm)
|
| 856 |
4 |
0 |
|u https://ebookcentral.proquest.com/lib/matrademy/detail.action?docID=4709282
|z Click to View
|